000 00589nam a22001817a 4500
008 160928b xxu||||| |||| 00| 0 eng d
020 _a9780070968288
050 _aHF 5635 .L343 2010
100 _aLarson,Kermit D.
245 _aFundamental Accounting Principles/
_cKermit D. Larson and Tilly Jensen
250 _a13th ed.
260 _aCanada:
_bMcGraw Hill Ryerson,
_c2010
300 _axxvii,581p. :
_bill. ;
500 _aIncludes references and index.
650 _aAccounting
_xTextbooks
700 _aJensen, Tilly
942 _2lcc
_cBOOKS
_hHF 5635 .L343 2010
_04
999 _c14223
_d14223